Quantification and reduction of predictive uncertainty for sustainable water resources management
محفوظ في:
| المؤلف الرئيسي: | |
|---|---|
| مؤلفون آخرون: | , , , , , , , |
| التنسيق: | كتاب |
| اللغة: | الإنجليزية |
| منشور في: |
Wallingford.
IAHS Publication.
2007
|
| سلاسل: | IAHS.
313 |
| الموضوعات: | |
| الوسوم: |
إضافة وسم
لا توجد وسوم, كن أول من يضع وسما على هذه التسجيلة!
|
MARC
| LEADER | 00000cam a2200000 a 4500 | ||
|---|---|---|---|
| 001 | UCC2098 | ||
| 003 | CL-VaPUC | ||
| 005 | 20220922113455.0 | ||
| 008 | 171230e20070000uk |||||||||||||||||eng|d | ||
| 999 | |c 370387 |d 370385 | ||
| 020 | |a 9781901502091 | ||
| 040 | |c Pontificia Universidad Católica de Valparaíso | ||
| 082 | 0 | 4 | |a 628.18 BOE 2007 |2 21 |
| 100 | 0 | |a Boegh, Eva |9 596246 | |
| 245 | 1 | 0 | |a Quantification and reduction of predictive uncertainty for sustainable water resources management |
| 260 | 0 | 3 | |a Wallingford. |b IAHS Publication. |c 2007 |
| 300 | |a 507 páginas | ||
| 490 | 0 | |a IAHS. |v 313 | |
| 583 | |a last modification |c 20171230 00:11:00 |k Rodrigo Vera | ||
| 650 | 0 | |a Desarrollo sustentable |9 333905 | |
| 650 | 7 | |a RECURSOS DE AGUA |2 CL-VaPUC |9 261958 | |
| 650 | 0 | |a Gestión de la calidad |9 475860 | |
| 700 | 0 | |a Kunstmann, Harald |9 596247 | |
| 700 | 0 | |a Wagener, Thorsten |9 596248 | |
| 700 | 0 | |a Hall, Alan |9 596249 | |
| 700 | 0 | |a Bastidas, Luis |9 596250 | |
| 700 | 0 | |a Franks, Stewart |9 596251 | |
| 700 | 0 | |a Gupta, Hoshin |9 596252 | |
| 700 | 0 | |a Rosbjerg, Dan |9 596253 | |
| 700 | 0 | |a Schaake, John |9 596254 | |
| 942 | |c BK |2 ddc | ||
| 945 | |d 20171230 00:11:00 |a dcastane | ||
| 952 | |0 0 |1 0 |2 ddc |3 erb |4 0 |6 628_180000000000000_BOE_2007 |7 0 |8 A |9 486805 |a BIBING |b BIBING |i 5445280 |o 628.18 BOE 2007 |p 5445280 |r 2025-01-20 |t 1 |w 2019-11-24 |y BK |z Catalogado en:20171230 |k ING | ||